[Event "ROM-ch U10"]
[Site "Calimanesti Caciulata"]
[Date "2019.04.15"]
[Round "1"]
[White "Kumar, Amrit Darius"]
[Black "Negru, Vlad"]
[Result "1-0"]
[WhiteElo "1049"]
[BlackElo "1321"]
[PlyCount "81"]
[EventDate "2019.04.15"]
[EventType "swiss"]
[EventRounds "9"]
[EventCountry "ROU"]
[SourceTitle "CBM 190 Extra"]
[Source "ChessBase"]
[SourceDate "2019.07.15"]
[SourceVersion "1"]
[SourceVersionDate "2019.07.15"]
[SourceQuality "1"]

1. e4 c5 2. b3 e6 3. Bb2 a6 4. Nf3 Nc6 5. Bd3 b5 6. Nc3 Bb7 7. 0-0 Nf6 8. e5 Ng8 9. Ne4 Qc7 10. Qe2 h6 11. Qe3 Nb4 12. a3 Nd5 13. Qe1 Nf4 14. g3 Nxd3 15. cxd3 Rh7 16. Rc1 Qb6 17. Qe3 Qc6 18. Kg2 Rc8 19. Rc2 Be7 20. Rfc1 g5 21. Nxc5 g4 22. Nxb7 gxf3+ 23. Qxf3 Qxc2 24. Rxc2 Rxc2 25. Nd6+ Kf8 26. Bc3 Bg5 27. Qa8+ Kg7 28. Ne8+ Kh8 29. f4 Be7 30. Qxa6 Ra2 31. Qxb5 Rxa3 32. b4 Ra7 33. Bd4 Ra2 34. Bc5 Rxd2+ 35. Kf3 Bxc5 36. Qxc5 Rxd3+ 37. Ke4 Rd5 38. Qf8 Rd2 39. Nf6 Rg7 40. Nxg8 Rxg8 41. Qxh6# 1-0

[Event "ROM-ch U08"]
[Site "Baile Felix"]
[Date "2017.02.03"]
[Round "2"]
[White "Butolo, Alexandru Mircea"]
[Black "Negru, Vlad"]
[Result "1-0"]
[WhiteElo "1135"]
[BlackElo "1067"]
[PlyCount "68"]
[EventDate "2017.02.02"]
[EventType "swiss"]
[EventRounds "9"]
[EventCountry "ROU"]
[SourceTitle "CBM 176 Extra"]
[Source "ChessBase"]
[SourceDate "2017.03.02"]
[SourceVersion "1"]
[SourceVersionDate "2017.03.02"]
[SourceQuality "1"]

1. e4 c5 2. Nc3 e6 3. Bc4 a6 4. a4 Nc6 5. f4 Nf6 6. Nf3 d5 7. exd5 Nxd5 8. Nxd5 exd5 9. Be2 Be7 10. 0-0 0-0 11. Re1 Bh4 12. Nxh4 Qxh4 13. d3 Re8 14. Bd2 Qf6 15. Bf3 Rxe1+ 16. Qxe1 Be6 17. c3 d4 18. c4 Rb8 19. Qe2 Re8 20. Re1 Qe7 21. Bxc6 bxc6 22. f5 Qf6 23. fxe6 Rxe6 24. Qf2 Qxf2+ 25. Kxf2 Rxe1 26. Kxe1 f5 27. Ba5 Kf7 28. Bb6 Ke6 29. Bxc5 Ke5 30. b4 g5 31. b5 cxb5 32. axb5 axb5 33. cxb5 Ke6 34. Bxd4 Kd7 1-0